000 00511nam a2200181Ia 4500
005 20250508150201.0
008 008 250505s9999 xx 000 0 eng d
037 _aTextual
040 _aFEDL
_beng
_cFEDL
041 _aeng
_2eng
084 _a370.944, DEL
_qFEDL
100 _aDe La Chalotais Louis Rene
245 0 _aEssay on national education
260 _aLondon, UK
_bEdward Arnold and Company
_c1934
300 _a176p.
942 _cTEXL
_h370.944, DEL
999 _c1322248
_d1322248